MARC

LEADER 00000nam0a2200000 4500
001 289882
005 20231102000229.0
020 |a RU  |b 83-69288 
035 |a (RuTPU)RU\TPU\book\314403 
090 |a 289882 
100 |a 20150403d1983 km y0rusy5003 ca 
101 0 |a rus 
102 |a RU 
105 |a a z 001zy 
200 1 |a Бесцеликовая отработка пластов  |f Ю. Л. Худин [и др.] 
210 |a Москва  |c Недра  |d 1983 
215 |a 280 с.  |c ил. 
300 |a Авт. указаны на обороте тит. л. 
320 |a Библиогр.: с. 276-278 
606 1 |a Угольные пласты  |x Системы разработки  |x Бесцеликовая отработка  |2 stltpush  |3 (RuTPU)RU\TPU\subj\62754  |9 79821 
610 1 |a системы разработки 
610 1 |a горные выработки 
610 1 |a поддержание 
610 1 |a геомеханические процессы 
610 1 |a повторное использование 
610 1 |a выемочные выработки 
610 1 |a погашение 
610 1 |a дегазация 
610 1 |a подземные пожары 
610 1 |a борьба 
610 1 |a эффективность 
675 |a 622.838  |z rus  |v 4 
701 1 |a Худин  |b Ю. Л. 
701 1 |a Устинов  |b М. И. 
701 1 |a Брайцев  |b А. В. 
701 1 |a Ардашев  |b К. А. 
801 0 |a RU  |b RuMRKP  |c 19950704  |g psbo 
801 1 |a RU  |b 63413507  |c 20150403 
801 2 |a RU  |b 63413507  |c 20170710  |g RCR 
942 |c BK